Ekologické a technologické aspekty výroby automobilových benzínov v budúcnosti

Bibliographic Details
Main Authors: Bratský, Daniel (Author), Mokráň, Pavel (technik) (Author), Fehér, Pavol (Author)
Format: Article
Language:Slovak
PhysicalDescription:Obr. 10. Tb. 2. Sch. 5. Diagr. 1.
Subjects:

MARC

LEADER 00000nab a2200000 a 4500
001 vtls000283502
003 SK-MaSNL
005 20260304061847.0
008 250422c1987 xo 0 slo
015 |a SNBRB19rr/mm-uuuuu 
035 |a CL0293620 
035 |a urn:nbn:sk:snk-abanji 
035 |a (urnnbn)urn:nbn:sk:snk:ar-a0a58i 
035 |a (uuid)3ca435c3-33c2-4081-90bf-3669ba8d97a3 
040 |a SNKBUCL  |b slo  |c SNKBUCL  |e AACR2 
041 0 |a slo 
044 |a xo  |c SK 
080 |a 665.73:504.06  |2 1981 
080 |a 504.06  |2 1981 
080 |a 662.753.1  |2 1981 
100 1 |a Bratský, Daniel  |4 aut  |9 453456 
245 1 0 |a Ekologické a technologické aspekty výroby automobilových benzínov v budúcnosti  |c Daniel Bratský, Pavel Mokráň, Pavol Fehér 
300 |b Obr. 10. Tb. 2. Sch. 5. Diagr. 1. 
500 |a it. 5 zázn. v slov., nem., angl. 
650 0 7 |a benzín  |2 snkbucl  |9 27636 
655 7 |a články z novín a časopisov  |2 snkbucl  |9 267496 
700 1 |a Mokráň, Pavel  |c (technik)  |4 aut  |9 539851 
700 1 |a Fehér, Pavol  |4 aut  |9 771317 
773 0 |t Ropa a uhlie  |g Roč. 29, č. 5 (1987), s. 288-298 
850 |a Slovenská národná knižnica 
852 |a Slovenská národná knižnica 
958 |a article14 
958 |a OND 
958 |a NB 
958 |a RK 
958 |a EUIPO 
992 |a RBX 
999 |c 2735421  |d 2737351